Paroles - Renaud, toujours debout - Statistiques

Statistiques générales
  • Ce quiz a été pris 204 fois
  • Le résultat moyen est 184 sur 304
Statistiques - réponses
Paroles % Correct
Toujours
99%
toujours
99%
de
98%
debout
97%
la
97%
97%
vivant
97%
banane
95%
vous
93%
Vous
93%
pas
90%
rassurez
89%
Il
88%
me
88%
Me
88%
est
85%
ma
85%
85%
qui
85%
Qui
85%
ou
83%
Le
82%
le
82%
je
80%
Je
80%
mal
77%
à
76%
A
76%
barré
73%
voudra
73%
ces
66%
Ces
66%
en
66%
Et
66%
et
66%
suis
63%
sur
63%
m'enterrer
62%
mes
62%
Tous
62%
tous
62%
les
61%
des
60%
j'ai
60%
on
60%
On
60%
moi
59%
Moi
59%
pour
59%
celui
57%
Que
57%
que
57%
ceux
56%
du
56%
pieds
56%
tout
55%
Ils
54%
J'suis
54%
remis
53%
un
52%
guibolles
50%
même
50%
plus
50%
aux
49%
une
49%
C'est
48%
c'est
48%
retapé
48%
Droit
47%
faire
47%
n'a
47%
jamais
45%
oublié
45%
cons
44%
crétin
44%
croit
44%
Internet
44%
m'ont
44%
cul
43%
première
43%
ressuscité
43%
va
43%
disparu
42%
Dites
42%
jette
42%
trous
42%
manqué
41%
autour
40%
cru
40%
d'chanter
40%
j'continue
40%
peu
40%
radios
40%
tombent
40%
chanter
39%
Chanter
39%
gazettes
39%
prennent
39%
tour
38%
aussi
37%
bière
37%
bras
37%
couillon
37%
Guernica
37%
Mais
37%
m'avez
37%
parler
37%
Arrêté
36%
photographes
36%
Toutes
36%
Paparazzis
35%
remplacer
35%
titubé
35%
ai
34%
fais
34%
l'hécatombe
34%
ragots
34%
salades
34%
temps
34%
continuer
33%
Continuer
33%
dois
33%
près
33%
télés
32%
affaire
31%
buisson
31%
dire
31%
embuscade
31%
enterré
31%
gaffe
31%
merci
31%
rumeurs
31%
santé
31%
sauvageons
31%
chaque
30%
derrière
30%
enfoirés
30%
sous
30%
chasseurs
29%
fidèles
28%
petit
28%
Trop
28%
lavandes
27%
L'idiot
27%
n'impriment
27%
oliviers
27%
primes
27%
puis
27%
veux
27%
vis
27%
voudrait
27%
chemin
26%
reviens
26%
dépriment
25%
prématuré
25%
années
24%
baver
24%
écrire
24%
peuvent
24%
n'vous
23%
nom
22%
retrouver
22%
Ceux-là
21%
content
21%
Depuis
21%
éloigné
21%
quelques
20%
sur mon
13%
Aucun quiz correspondant
Distribution des résultats
% des personnes avec chaque résultat
Percentile par nombre de réponses
Votre historique - résultats
Vous n’avez pas pris ce quiz